000 00307nam a22001337a 4500
008 181030b xxu||||| |||| 00| 0 eng d
020 _a1556641184
041 _aeng
080 _a610.73
100 _a2
101 _aINF
245 _aDecision Making in Critical Care Nursing
_cWilliams
942 _2udc
_cBK
999 _c51116
_d51116